000 00445nam a2200169Ia 4500
008 260407s2022 xx 000 0 und d
041 _aeng
082 _a615/PAN
_b11505
100 _aDR. GHANSHYAM PANIGRAAHI
245 _aEXPERIMENTAL PHARMACOLOGY -III
250 _a2ND
260 _aPUNE
_bNIRLAI PRAKASHAN
_c2022
300 _a121p
650 _aEXPERIMENTAL PHARMACOLOGY -III
650 _aPHARMACOLOGY
700 _aDR.ARJUN PATARA
999 _c1218997
_d1218997